000 00596nam a2200205 4500
003 OSt
005 20260530113906.0
008 260506b |||||||| |||| 00| 0 ger d
020 _a9783938666203
040 _aICI
_bspa
_cICI
050 _aNA2542.36
_bO75
100 1 _aLunger, Christian
_932818
245 1 0 _aOrientierung auf reisen;
_bTouristische Leitsysteme
_cChristian Lunger; Markus Sheiber
264 1 _bDom Publishers
_c2009
_aAlemania
300 _a418 páginas
336 _atexto
_2rdacontent
337 _asin medio
_2rdamedia
338 _avolumen
_2rdacarrier
942 _2lcc
_cBK
_n1
999 _c11957
_d11957